书目信息 |
| 题名: |
应用流体力学
|
|
| 作者: | 刘树红 , 吴玉林 主编 | |
| 分册: | ||
| 出版信息: | 北京 清华大学出版社 2006.03 |
|
| 页数: | 232页 | |
| 开本: | 26cm | |
| 丛书名: | ||
| 单 册: | ||
| 中图分类: | O368 | |
| 科图分类: | ||
| 主题词: | 应用力学--ying yong li xue--流体力学 | |
| 电子资源: | ||
| ISBN: | 7-302-12107-9 | |
| 000 | 00861nam0 2200241 450 | |
| 001 | 012006629552 | |
| 005 | 20060926151328.06 | |
| 010 | @a7-302-12107-9@dCNY22.00 | |
| 100 | @a20060727d2006 km y0chiy0120 ea | |
| 101 | 0 | @achi |
| 102 | @aCN@b110000 | |
| 105 | @aa a 000yy | |
| 200 | 1 | @a应用流体力学@Aying yong liu ti li xue@f刘树红, 吴玉林主编@Fliu shu hong,wu yu lin zhu bian |
| 210 | @a北京@c清华大学出版社@d2006.03 | |
| 215 | @a232页@c图@d26cm | |
| 320 | @a有书目。 | |
| 330 | @a本书主要论述了流体力学应用专题,包括漩涡运动、平面和轴对称无粘性不可压缩流体的无旋运动—势流理论、翼型和叶栅绕流理论和解法、湍流基本理论和湍流模型的应用及特性。 | |
| 606 | 0 | @a应用力学@Aying yong li xue@x流体力学 |
| 690 | @aO368@v4 | |
| 701 | 0 | @a刘树红@Aliu shu hong@4主编 |
| 701 | 0 | @a吴玉林@Awu yu lin@4主编 |
| 801 | 0 | @aCN@c20060926 |
| 905 | @a10447@dO368@eL672 | |
| 应用流体力学/刘树红, 吴玉林主编.-北京:清华大学出版社,2006.03 |
| 232页:图;26cm |
| ISBN 7-302-12107-9:CNY22.00 |
| 本书主要论述了流体力学应用专题,包括漩涡运动、平面和轴对称无粘性不可压缩流体的无旋运动—势流理论、翼型和叶栅绕流理论和解法、湍流基本理论和湍流模型的应用及特性。 |
| ● |
| 相关链接 |
|
|
|
正题名:应用流体力学
索取号:O368/L672
 
预约/预借
| 序号 | 登录号 | 条形码 | 馆藏地/架位号 | 状态 | 备注 |
| 1 | 598564 | 205985647 | 自科库401/401自科库 53排7列5层/ [索取号:O368/L672] | 在馆 | |
| 2 | 598565 | 205985656 | 自科库401/401自科库 53排7列5层/ [索取号:O368/L672] | 在馆 | |
| 3 | 598566 | 205985665 | 自科库401/401自科库 53排7列5层/ [索取号:O368/L672] | 在馆 |